Formule 1 Kampioenen en 2e Plaats Foto’s Quiz - Statistieken

Algemene statistieken
  • Deze quiz is 18 keer genomen
  • De gemiddelde score is 24 van 56
Antwoordstatistieken
Foto Hint Antwoord % Correct
1985,1986,1989,1993 Kampioen Alain Prost
85%
2022 2e Plaats Charles Leclerc
85%
2021-2024 Kampioen Max Verstappen
85%
1988,1990,1991 Kampioen Ayrton Senna
77%
2008 2e Plaats Felipe Massa
77%
2005,2006 Kampioen Fernando Alonso
77%
2009 Kampioen Jenson Button
77%
2025 Kampioen Lando Norris
77%
2008,2014,2015,2017-2020 Kampioen Lewis Hamilton
77%
1994,1995,2000-2004 Kampioen Michael Schumacher
77%
2010-2013 Kampioen Sebastian Vettel
77%
2023 2e Plaats Sergio Pérez
77%
2019,2020 2e Plaats Valtteri Bottas
77%
2001 2e Plaats David Coulthard
69%
1951,1954-1957 Kampioen Juan Manuel Fangio
69%
2007 Kampioen Kimi Räikkönen
69%
2016 Kampioen Nico Rosberg
69%
1975,1977,1984 Kampioen Niki Lauda
69%
1998,1999 Kampioen Mika Häkkinen
62%
1997 Kampioen Jacques Villeneuve
54%
1992 Kampioen Nigel Mansell
54%
2002,2004 2e Plaats Rubens Barrichello
54%
1952,1953 Kampioen Alberto Ascari
46%
1950 Kampioen Giuseppe Farina
46%
1976 Kampioen James Hunt
46%
1982 Kampioen Keke Rosberg
46%
1996 Kampioen Damon Hill
38%
1969,1971,1973 Kampioen Jackie Stewart
38%
1962,1968 Kampioen Graham Hill
31%
1963,1965 Kampioen Jim Clark
31%
1958 Kampioen Mike Hawthorn
31%
1980 Kampioen Alan Jones
23%
1974 2e Plaats Clay Regazzoni
23%
1967 Kampioen Denny Hulme
23%
1972,1974 Kampioen Emerson Fittipaldi
23%
1979 2e Plaats Gilles Villeneuve
23%
1997 2e Plaats Heinz-Harald Frentzen
23%
1959,1960,1966 Kampioen Jack Brabham
23%
1979 Kampioen Jody Scheckter
23%
1964 Kampioen John Surtees
23%
1978 Kampioen Mario Andretti
23%
1981,1983,1987 Kampioen Nelson Piquet
23%
1960 2e Plaats Bruce McLaren
15%
1981 2e Plaats Carlos Reutemann
15%
1999 2e Plaats Eddie Irvine
15%
1969,1970 2e Plaats Jacky Ickx
15%
1970 Kampioen Jochen Rindt
15%
1954 2e Plaats José Froilán González
15%
1985 2e Plaats Michele Alboreto
15%
1961 Kampioen Phil Hill
15%
1992 2e Plaats Riccardo Patrese
15%
1971,1978 2e plaats Ronnie Peterson
15%
1955-1958 2e Plaats Stirling Moss
15%
1982 2e Plaats Didier Pironi
8%
1959 2e Plaats Tony Brooks
8%
1961 2e Plaats Wolfgang von Trips
8%
Geen overeenkomende quizzen gevonden
Scoreverdeling
Procent van Mensen met Elke Score
Percentiel versus Aantal Correcte Antwoorden
Uw Scoregeschiedenis
U heeft deze quiz nog niet genomen